Quel est la plus grande ville de ce pays ? (1) - Statistiques

Statistiques générales
  • Ce quiz a été pris 77 fois
  • Le résultat moyen est 25 sur 35
Statistiques - réponses
Question Réponse % Correct
Uruguay La capitale Montevideo
100%
Nouvelle-Zélande Auckland
90%
Afrique-du-Sud Johannesburg
90%
Madagascar La capitale Antananarivo
90%
Paraguay La capitale Asuncion
90%
Allemagne La capitale Berlin
90%
Arménie La capitale Erevan
90%
Egypte La capitale Le Caire
90%
Burkina Faso La capitale Ouagadougou
90%
Lettonie La capitale Riga
90%
Yémen La capitale Sanaa
90%
Chili La capitale Santiago
90%
Croatie La capitale Zagreb
90%
Etats-Unis New York
90%
Birmanie Rangoon
90%
Brésil Sao Paulo
90%
Australie Sydney
90%
Canada Toronto
90%
Belize Belize City
80%
Mali La capitale Bamako
80%
Togo La capitale Lomé
80%
Corée-du-Sud La capitale Séoul
80%
Burundi Bujumbura
70%
Gabon La capitale Libreville
70%
Espagne La capitale Madrid
70%
Kazakhstan Almaty
60%
Bolivie Santa Cruz de la Sierra
60%
Israël Tel Aviv
60%
Bénin Cotonou
50%
Saint-Marin Serravalle
40%
Belgique Anvers
30%
Malte San Pawl Il-Bahar
30%
Guinée équatoriale Bata
10%
Trinité-et-Tobago Chaguanas
0%
Liban Tripoli
0%
Aucun quiz correspondant
Distribution des résultats
% des personnes avec chaque résultat
Percentile par nombre de réponses
Votre historique - résultats
Vous n’avez pas pris ce quiz